Ville de France - Mort Subite #3 - Statistiques

Statistiques générales
  • Ce quiz a été pris 281 fois
    240 depuis la dernière actualisation
  • Le résultat moyen est 9 sur 16
Answers on the Grid
Answers color-coded by a green-red scale on the quiz's grid according to % correct below.
Beausoleil
Lille
Liège
Cap d’ail
Charleroi
Nanterre
Dijon
Bruxelles
Pau
Bruges
Albi
Cholet
Mons
Perpignan
La Roche-Sur-Yon
Louvain
Chambéry
Tournai
Valence
Colmar
Antibes
Sion
Montreux
Brive-la-Gaillarde
Trois-Rivière
Repentigny
Terrebonne
Parme
Malaga
Saint-Jérôme
 
Statistiques - réponses
Réponse % Correct
Lille
96%
Nanterre
83%
Dijon
82%
Pau
78%
Perpignan
71%
Albi
67%
La Roche-Sur-Yon
67%
Chambéry
62%
Colmar
62%
Cholet
60%
Valence
60%
Antibes
54%
Brive-la-Gaillarde
51%
Cap d’ail
23%
Beausoleil
20%
Bruges
6%
Aucun quiz correspondant
Distribution des résultats
% des personnes avec chaque résultat
Percentile par nombre de réponses
Votre historique - résultats
Vous n’avez pas pris ce quiz depuis la dernière actualisation